Statistics for Guess the Taylor Swift song with no hints ~13

Click here to take the quiz!

General Stats

  • This quiz has been taken 314 times
  • The average score is 199 of 275

Answer Stats

Answer% Correct
I
100%
a
97%
The
97%
the
97%
you
96%
me
93%
and
92%
And
92%
It
91%
it
91%
my
91%
to
90%
When
90%
when
90%
do
89%
You're
89%
you're
89%
I'm
88%
in
88%
so
87%
So
87%
no
85%
of
85%
Like
84%
like
84%
wear
84%
that
83%
was
83%
don't
79%
all
77%
There
77%
but
76%
by
76%
Just
76%
one
74%
can't
73%
oh oh
73%
Oh oh
73%
oh oh oh oh
73%
think
73%
Think
73%
Oh
72%
could
71%
as
69%
Now
67%
because
66%
down
66%
never
66%
that's
66%
very
66%
clean
64%
thing
64%
worst
64%
any
63%
back
63%
Gone
63%
nothing
62%
came
61%
drought
61%
Finally
61%
finally
61%
Said
60%
mean
59%
over
59%
Rain
59%
trace
59%
dress
58%
gonna
58%
miss
58%
breathe
57%
left
57%
morning
57%
pouring
57%
drowning
56%
months
56%
we'd
56%
forth
55%
give
55%
still
55%
together
55%
won't
55%
died
54%
flowers
54%
anymore
53%
grown
53%
Let
53%
must
53%
Ten
53%
thirst
53%
sober
52%
storm
52%
admit
51%
black
51%
room
51%
sky
51%
turned
51%
away
50%
head
50%
heard
50%
lost
50%
older
50%
perfect
50%
water
50%
pictures
49%
risk
49%
whole
49%
hole
48%
loud
48%
punched
48%
roof
48%
screamed
48%
dust
47%
war
47%
wine-stained
47%
filled
46%
covered
45%
lungs
45%
carry
44%
butterflies
43%
Hung
43%
flood
41%

Score Distribution

Percentile by Number Answered

Percent of People with Each Score

Your Score History

You have not taken this quiz